000 00346 a2200145 4500
001 180393
020 _a
040 _cMagnum
100 _aRibeiro, Lourdes E.
240 1 0 _aO real do construtivismo vol.4 / 3 edicao
_lpor
245 1 0 _aO real do construtivismo vol.4 / 3 edicao
362 0 _a1899
697 _aMAGNITO: ENSINO
942 _cBK
999 _c180393
_d180393